000 00793nab a2200241 u 4500
001 17606
003 HDC
007 cr bn ---aaaaa
008 210224c20100119xx dr|noo 0 a eng d
040 _aHDC
245 0 _aMeat and Livestock Australia (MLA) supports Gulfood 2010
260 _a[No place] :
_b[publisher not identified],
_c2010
336 _atext
_2rdacontent
337 _acomputer
_2rdamedia
338 _aonline resource
_2rdacarrier
650 _aMeat and Livestock
_916919
650 _ameat products
_92253
710 _aHalal focus
856 _zRequest full-text at [email protected]
942 _2lcc
942 _cNEWS
942 _kNWSO 005971
999 _c14922
_d14922